000 00999nam a2200301 i 4500
003 DO-SdBNP
005 20250625115727.0
007 ta
008 250625b2025 dr ||||| |||| 00| p spa d
020 _a9789945292367
040 _aDO-SdBNP
_bspa
_cBNPHU
_erda
082 _aRD861.44
_bR758
_222
100 1 _aRomán, Solángel
_eautora
_4aut.
_987395
245 1 0 _aPoemas de amor, dolor y rebeldía /
_cSolángel Román ; prólogo, Mateo Morrison
250 _aPrimera edición
264 4 _aSanto Domingo :
_bEditora Amigo de Hogar,
_c©2025.
300 _a58 páginas :
_c22 cm.
336 _atexto
_btxt
_2rdacontent
337 _asin mediación
_bn
_2rdamedia
338 _avolumen
_bnc
_2rdacarrier
500 _aIncluye datos biografícos de la autora en la solapa de la cubierta.
590 _aInventariado, 2025/ YL
650 7 _aPoesía Dominicana
650 7 _aLiteratura Dominicana
700 1 _aMorrison, Mateo
_eprologuista
_4pr.
_979661
910 _aYLockward
942 _2ddc
_cLBS1
999 _c58678
_d58678